00996 a2200145 4500003000500000005001700005040000900022082001500031100001600046245004700062260003900109300001200148505066600160650002400826NUST20230131150506.0 cNust a941.08,MOR aMorton A .L aA Peoples History Of England /cA L Morton aLondonbLawrence Wishart ltdc1945 a544 p.; aTribes and Legions (Page-13), The Growth of Feudalism (Page-29), Feudal England (Page-58), The Decline of Feudalism (Page-86), The End of the Middle Ages (Page-129), The New Monarchy and the Bourgeoisie (Page-148), Origin of the English Revolutions (Page-189), The English Revolution (Page-224), Commonwealth and Compromise (Page-252), Whig England (Page-280), The Industrial Revolution (Page-315), The Triumph of Industrial Capitalism (Page-353), Liberal Ascendancy (Page-384), The Organization of The Working Class (Page-411), Continued (Page-432), Colonial Expansion (Page-447), Origins of the First World War (Page-475), World War: World Crisis (Page-507).  a History Of England